000 00922nam a2200253Ia 4500
003 OSt
005 20220923221050.0
006 a|||||r|||| 00| 0
007 ta
008 220922b |||||||| |||| 00| 0 hin d
024 _a194,528
037 _cTextual
040 _aARTS
_cARTS
_bhin
041 _2hin
_ahin
082 _aO152,3:g(R421), N1
100 _aभटनागर, उर्मिला
_9156271
245 0 _aहिन्दी उपन्यास साहित्य में दाम्पत्य चित्रण
246 _aHindī upanyās sāhitya mean dāmpatya chitraṇa
260 _aजयपुर
_b अर्चना प्रका0
_c1991
300 _a246] 8पृ.
_ccm.
650 _aहिन्दी साहित्य
_9156264
942 _hO152,3:g(R421), N1
_cTEXL
_2CC
999 _c346792
_d346792